Normal view
MARC view
- Saqib, Hussnain Ahmed
Entry Personal Name
001 - CONTROL NUMBER
- control field: 125070
003 - CONTROL NUMBER IDENTIFIER
- control field: NUST
005 - DATE AND TIME OF LATEST TRANSACTION
- control field: 20240809101423.0
008 - FIXED-LENGTH DATA ELEMENTS
- fixed length control field: 240809|| aca||aabn | a|a d
040 ## - CATALOGING SOURCE
- Original cataloging agency: NUST
- Transcribing agency: NUST
100 ## - HEADING--PERSONAL NAME
- Personal name: Saqib, Hussnain Ahmed
670 ## - SOURCE DATA FOUND
- Source citation: Work cat.: (NUST): Saqib, Hussnain Ahmed, A Novel Job Recommendation System using Natural Language Processing/
